| 000 | 00474nam a2200145 a 4500 | ||
|---|---|---|---|
| 001 | 000040600 | ||
| 005 | 20201002034237.0 | ||
| 008 | 130903s1922 fr 000 0 spa d | ||
| 040 |
_aDO-SdBNP _bfre. _cBNPHU |
||
| 082 |
_axxx _bxxx |
||
| 100 | 1 |
_aReinach, Salomon _966938 |
|
| 245 | 1 | 0 |
_aApollo : _bhistoire générale des arts plastiques professée a l´école du louvre / _cSalomon Reinach. |
| 260 |
_aParis, Francia : _bLibraire Hachette, _c1922. |
||
| 300 |
_a334 p. ; _c18 cm. |
||
| 999 |
_c40090 _d40090 |
||